[Event "FICS rated blitz game"]
[Site "FICS freechess.org"]
[Date "2018.01.30"]
[Round "?"]
[White "bakonyi"]
[Black "psilber"]
[Result "0-1"]
[WhiteElo "2009"]
[BlackElo "2132"]
[PlyCount "94"]
[EventDate "2018.??.??"]
[EventType "blitz"]

1. e4 e5 2. Nf3 Nc6 3. c3 Nf6 4. d4 exd4 5. e5 Nd5 6. cxd4 Bb4+ 7. Bd2 O-O 8.
Bb5 a6 9. Bxc6 dxc6 10. h3 Bf5 11. O-O Bxd2 12. Nbxd2 Nb4 13. a3 Nc2 14. Rc1
Nxd4 15. Nxd4 Qxd4 16. Nf3 Qxd1 17. Rfxd1 Rfd8 18. Nd4 Bg6 19. f4 Be4 20. Kf2
Kf8 21. g4 g6 22. Ke3 Bd5 23. f5 gxf5 24. gxf5 Bg2 25. Rd2 Bxh3 26. Rh2 Rxd4
27. Kxd4 Bxf5 28. e6 fxe6 29. Ke5 Ke7 30. Rg1 Bg6 31. Rd2 Rf8 32. Rgd1 Rf5+ 33.
Kd4 c5+ 34. Ke3 Re5+ 35. Kf2 Rf5+ 36. Ke3 Rf7 37. Rd7+ Kf6 38. Rxf7+ Bxf7 39.
Kf4 b5 40. Rd7 e5+ 41. Ke3 h5 42. Rxc7 c4 43. Rc6+ Kf5 44. Rxa6 h4 45. Rh6 Kg4
46. Ke4 h3 47. Kxe5 Bh5 0-1

[Event "FICS rated blitz game"]
[Site "FICS freechess.org"]
[Date "2018.01.30"]
[Round "?"]
[White "HotCarl"]
[Black "varkster"]
[Result "0-1"]
[WhiteElo "1512"]
[BlackElo "1446"]
[PlyCount "56"]
[EventDate "2018.??.??"]
[EventType "blitz"]

1. e4 e5 2. Nf3 Nc6 3. c3 d6 4. d4 Nf6 5. dxe5 Nxe4 6. exd6 Bxd6 7. Bd3 f5 8.
Bxe4 fxe4 9. Nd4 Nxd4 10. cxd4 O-O 11. O-O Qh4 12. g3 Qf6 13. Be3 Bh3 14. Nd2
Bxf1 15. Qxf1 h5 16. Nxe4 Qf3 17. Ng5 Qg4 18. a4 h4 19. h3 Qf5 20. g4 Qd7 21.
Qg2 Rae8 22. Qd5+ Kh8 23. Kf1 Rxe3 24. Ne4 Rxe4 25. Qh5+ Kg8 26. Qd5+ Re6 27.
Re1 Rfe8 28. Rxe6 Rxe6 {White resigns} 0-1

[Event "FICS rated blitz game"]
[Site "FICS freechess.org"]
[Date "2018.01.30"]
[Round "?"]
[White "Sincerias"]
[Black "pawanchamp"]
[Result "1-0"]
[WhiteElo "1205"]
[BlackElo "1438"]
[PlyCount "67"]
[EventDate "2018.??.??"]
[EventType "blitz"]

1. e4 e5 2. Nf3 Nc6 3. c3 Nf6 4. d4 exd4 5. Bg5 dxc3 6. Nxc3 Be7 7. Bxf6 Bxf6
8. Bc4 d6 9. O-O Bd7 10. Bd5 Qe7 11. Nb5 O-O-O 12. Bxc6 Bxc6 13. Nxa7+ Kd7 14.
e5 Bxe5 15. Nxe5+ Qxe5 16. Re1 Qg5 17. Nxc6 bxc6 18. Re3 Rde8 19. Rg3 Qf6 20.
Qg4+ Qe6 21. Rf1 g6 22. Qa4 Ra8 23. Qd4 Qxa2 24. Ra3 Qd5 25. Qg7 h5 26. Rf3
Rhf8 27. Rg3 Qe5 28. Qh6 Qxb2 29. Re1 Rfe8 30. Rge3 Ra2 31. Qf4 Rxe3 32. Qxe3
Qf6 33. f4 Ra4 34. Qe8# {Black checkmated} 1-0

[Event "FICS rated blitz game"]
[Site "FICS freechess.org"]
[Date "2018.01.30"]
[Round "?"]
[White "bakonyi"]
[Black "psilber"]
[Result "0-1"]
[WhiteElo "2015"]
[BlackElo "2126"]
[PlyCount "54"]
[EventDate "2018.??.??"]
[EventType "blitz"]

1. e4 e5 2. Nf3 Nc6 3. c3 Be7 4. d4 exd4 5. cxd4 d6 6. Nc3 Nf6 7. Be2 O-O 8.
O-O Bg4 9. h3 Bh5 10. Be3 Bg6 11. e5 dxe5 12. dxe5 Nd7 13. Bf4 Nc5 14. Bb5 Ne6
15. Bxc6 Nxf4 16. Bxb7 Rb8 17. Be4 Rxb2 18. Qc1 Bxe4 19. Qxb2 Bxf3 20. gxf3
Nxh3+ 21. Kh2 Nf4 22. Ne4 Ba3 23. Qd2 Qh4+ 24. Kg1 Bb2 25. Qd7 Bxe5 26. Qg4
Ne2+ 27. Kg2 Qh2# {White checkmated} 0-1

[Event "FICS rated blitz game"]
[Site "FICS freechess.org"]
[Date "2018.01.30"]
[Round "?"]
[White "hoken"]
[Black "Yaman"]
[Result "1-0"]
[WhiteElo "1349"]
[BlackElo "1357"]
[PlyCount "89"]
[EventDate "2018.??.??"]
[EventType "blitz"]

1. e4 e5 2. Nf3 Nc6 3. c3 d6 4. d4 Bg4 5. d5 Nb8 6. Be2 Nf6 7. h3 Bh5 8. Bg5
Be7 9. O-O Nxe4 10. Bxe7 Qxe7 11. Nbd2 Nf6 12. Ng5 Bxe2 13. Qxe2 Nxd5 14. Nge4
Nf6 15. f4 Nc6 16. fxe5 Nxe5 17. Nxf6+ gxf6 18. Rae1 O-O-O 19. Nc4 Kb8 20. Na5
Rde8 21. Qb5 c6 22. Qb3 Qc7 23. Rxf6 Qb6+ 24. Qxb6 axb6 25. Nb3 Kc7 26. Ref1
Re7 27. Nd4 Rf8 28. Nf5 Rd7 29. Rf3 Nc4 30. b3 Nd2 31. Rd3 Ne4 32. Rh6 f6 33.
Nd4 f5 34. Ne6+ Kb8 35. Nxf8 Rf7 36. Ne6 d5 37. Nf4 Nc5 38. Rf3 Ne4 39. Rh5 Nd2
40. Re3 Ne4 41. Kh2 Kc7 42. Nd3 Kd6 43. c4 f4 44. Rf3 Nd2 45. Rxf4 {Black
resigns} 1-0

[Event "FICS rated blitz game"]
[Site "FICS freechess.org"]
[Date "2018.01.30"]
[Round "?"]
[White "Sincerias"]
[Black "pawanchamp"]
[Result "1-0"]
[WhiteElo "1222"]
[BlackElo "1421"]
[PlyCount "51"]
[EventDate "2018.??.??"]
[EventType "blitz"]

1. e4 e5 2. Nf3 Nc6 3. c3 Nf6 4. d4 exd4 5. cxd4 Nxe4 6. d5 Nb8 7. Nc3 Nxc3 8.
bxc3 Bd6 9. Ng5 O-O 10. Bd3 h6 11. Nh7 Re8+ 12. Be3 Bc5 13. O-O Bxe3 14. fxe3
Rxe3 15. Qd2 Qe7 16. Rae1 Rxe1 17. Rxe1 Qd8 18. Qe3 g6 19. Qxh6 d6 20. Bxg6
fxg6 21. Qxg6+ Kh8 22. Nf6 Bf5 23. Re8+ Qxe8 24. Qxe8+ Kg7 25. Qe7+ Kh8 26.
Qf8# {Black checkmated} 1-0

[Event "FICS rated blitz game"]
[Site "FICS freechess.org"]
[Date "2018.01.30"]
[Round "?"]
[White "Kjosavik"]
[Black "gargiulo"]
[Result "1-0"]
[WhiteElo "1537"]
[BlackElo "1649"]
[PlyCount "31"]
[EventDate "2018.??.??"]
[EventType "blitz"]

1. e4 e5 2. Nf3 Nc6 3. c3 d6 4. d4 exd4 5. cxd4 Bg4 6. d5 Ne5 7. Be2 Qf6 8.
Nbd2 Bxf3 9. Nxf3 Nxf3+ 10. Bxf3 Be7 11. Qa4+ c6 12. dxc6 b6 13. c7+ Kf8 14. e5
Qxe5+ 15. Be3 Rc8 16. Qd7 {Black resigns} 1-0

[Event "FICS rated blitz game"]
[Site "FICS freechess.org"]
[Date "2018.01.30"]
[Round "?"]
[White "awitaliy"]
[Black "vepara"]
[Result "1-0"]
[WhiteElo "1344"]
[BlackElo "1040"]
[PlyCount "77"]
[EventDate "2018.??.??"]
[EventType "blitz"]

1. e4 e5 2. Nf3 Nc6 3. c3 Nf6 4. Bd3 Bc5 5. Bc2 Ng4 6. O-O O-O 7. d4 exd4 8.
cxd4 Be7 9. d5 Nb4 10. Bb3 d6 11. h3 Ne5 12. Nxe5 dxe5 13. f4 Bd6 14. Qh5 f6
15. fxe5 fxe5 16. Be3 Rxf1+ 17. Kxf1 Qf6+ 18. Kg1 Bd7 19. Nd2 Nd3 20. Rf1 Qe7
21. Bg5 Bc5+ 22. Kh1 Qd6 23. Qf7+ Kh8 24. Bh4 Rf8 25. Qh5 Rxf1+ 26. Nxf1 Nf2+
27. Bxf2 Kg8 28. Bxc5 Qxc5 29. Qxe5 Qf8 30. d6+ Kh8 31. Ng3 cxd6 32. Qd4 b6 33.
Nh5 Qf1+ 34. Kh2 Qf8 35. Ng3 Qf4 36. Qd5 Qf8 37. e5 Be8 38. e6 Qe7 39. Nf5 1-0

[Event "FICS rated standard game"]
[Site "FICS freechess.org"]
[Date "2018.01.30"]
[Round "?"]
[White "koadjao"]
[Black "hecklepeckle"]
[Result "0-1"]
[WhiteElo "1663"]
[BlackElo "1747"]
[PlyCount "92"]
[EventDate "2018.??.??"]

1. e4 e5 2. Nf3 Nc6 3. c3 d6 4. Bb5 Bd7 5. d3 Nge7 6. Bg5 f6 7. Be3 Ng6 8. Nbd2
a6 9. Ba4 Be7 10. h3 O-O 11. Bb3+ Kh8 12. a3 f5 13. exf5 Bxf5 14. Ne4 Bxe4 15.
dxe4 Nf4 16. Rg1 Bg5 17. Qc2 Bh6 18. Bxf4 Bxf4 19. g3 Bh6 20. Qd3 Qe7 21. g4
Bf4 22. Nd2 Qh4 23. Nf3 Qe7 24. Ke2 Qf6 25. h4 Rad8 26. g5 Qe7 27. Nd2 Bxd2 28.
Qxd2 Rf4 29. f3 Rxh4 30. Rh1 Rf4 31. Rh3 Qxg5 32. Rah1 h6 33. Kd1 Rdf8 34. Qe2
Ne7 35. Rh5 Qg3 36. R5h3 Qg6 37. Qe3 Nc6 38. Rg1 Qf6 39. Rhg3 Ne7 40. Rxg7 Rxf3
41. Qe2 c6 42. Qg2 Rd3+ 43. Kc2 Rf3 44. Rxe7 Rf2+ 45. Kd3 Rxg2 46. Rxg2 Qxe7
0-1

[Event "FICS rated blitz game"]
[Site "FICS freechess.org"]
[Date "2018.01.30"]
[Round "?"]
[White "kiknit"]
[Black "prickler"]
[Result "0-1"]
[WhiteElo "1474"]
[BlackElo "1563"]
[PlyCount "66"]
[EventDate "2018.??.??"]
[EventType "blitz"]

1. e4 e5 2. Nf3 Nc6 3. c3 Bc5 4. Bc4 Nge7 5. d4 exd4 6. cxd4 Bb4+ 7. Nc3 Bxc3+
8. bxc3 d5 9. exd5 Nxd5 10. O-O O-O 11. Bg5 f6 12. Bh4 Kh8 13. Bg3 Nb6 14. Bb3
Bg4 15. Qd3 Qd7 16. h4 Rad8 17. Rae1 Ne7 18. Bc2 g6 19. Re4 Bf5 20. h5 Bxe4 21.
Qxe4 Nf5 22. hxg6 hxg6 23. Nh4 Nxh4 24. Bxh4 f5 25. Qe5+ Qg7 26. Qf4 Rde8 27.
Bg5 Nd5 28. Qh4+ Qh7 29. Qg3 Qh5 30. Bb3 c6 31. c4 f4 32. Bxf4 Nxf4 33. Qc3
Ne2# {White checkmated} 0-1

[Event "FICS rated standard game"]
[Site "FICS freechess.org"]
[Date "2018.01.30"]
[Round "?"]
[White "CarveItUp"]
[Black "hecklepeckle"]
[Result "0-1"]
[WhiteElo "1779"]
[BlackElo "1748"]
[PlyCount "78"]
[EventDate "2018.??.??"]

1. e4 e5 2. Nf3 Nc6 3. c3 d6 4. d4 Bd7 5. d5 Nce7 6. c4 Ng6 7. Nc3 a6 8. b4 Be7
9. a4 Nf6 10. Bd3 O-O 11. O-O h6 12. h3 Nh7 13. Be3 Qc8 14. Kh2 f5 15. exf5
Bxf5 16. Ne4 Nf6 17. Nxf6+ Bxf6 18. Bxf5 Qxf5 19. Rc1 Rae8 20. Qc2 e4 21. Bd4
Qf4+ 22. Kg1 exf3 23. Be3 Rxe3 24. fxe3 Qxe3+ 25. Kh1 fxg2+ 26. Qxg2 Nf4 27.
Qg4 Qxh3+ 28. Qxh3 Nxh3 29. Kh2 Ng5 30. Kg2 Nf7 31. Rce1 Ne5 32. c5 Rc8 33.
cxd6 cxd6 34. Rc1 Rd8 35. Rc7 Rd7 36. Rc2 Kh7 37. Rf5 Nd3 38. Rc4 Re7 39. Kf3
Ne5+ {White resigns} 0-1

[Event "FICS rated blitz game"]
[Site "FICS freechess.org"]
[Date "2018.01.30"]
[Round "?"]
[White "bongrain"]
[Black "sdarjee"]
[Result "0-1"]
[WhiteElo "1300"]
[BlackElo "1295"]
[PlyCount "80"]
[EventDate "2018.??.??"]
[EventType "blitz"]

1. e4 e5 2. Nf3 Nc6 3. c3 d5 4. Qc2 dxe4 5. Qxe4 Nf6 6. Qa4 Bd7 7. Bb5 Bd6 8.
d3 h6 9. Nbd2 O-O 10. O-O a6 11. Bxc6 Bxc6 12. Qc2 Re8 13. Ne4 Nxe4 14. dxe4
Rf8 15. Be3 f5 16. Nd2 f4 17. Qb3+ Kh8 18. Nc4 fxe3 19. Nxe3 a5 20. f3 a4 21.
Qc2 Qg5 22. Rfe1 Bc5 23. Qe2 Rad8 24. c4 Bxe3+ 25. Qxe3 Qxe3+ 26. Rxe3 Rd4 27.
b3 Rfd8 28. h3 Rd1+ 29. Re1 Rxe1+ 30. Rxe1 Rd2 31. Ra1 axb3 32. axb3 Rb2 33.
Ra3 b5 34. c5 Kg8 35. Ra7 Rxb3 36. Rxc7 Be8 37. Rc8 Kf7 38. c6 Rc3 39. c7 Ke7
40. Rb8 Rxc7 {White resigns} 0-1

[Event "FICS rated blitz game"]
[Site "FICS freechess.org"]
[Date "2018.01.30"]
[Round "?"]
[White "bongrain"]
[Black "BrixtonDon"]
[Result "1-0"]
[WhiteElo "1296"]
[BlackElo "896"]
[PlyCount "55"]
[EventDate "2018.??.??"]
[EventType "blitz"]

1. e4 e5 2. Nf3 Nc6 3. c3 Bc5 4. d4 exd4 5. cxd4 Bxd4 6. Nxd4 Nxd4 7. Qxd4 f6
8. e5 Qe7 9. Be3 fxe5 10. Qc4 d6 11. Nc3 Be6 12. Qb5+ c6 13. Qe2 O-O-O 14. Bxa7
Nf6 15. O-O-O d5 16. Bb6 Rd6 17. Na4 d4 18. Kb1 d3 19. Qd2 Bf5 20. Bc5 Ne4 21.
Bxd6 Qxd6 22. Qe3 Qb4 23. Nb6+ Kc7 24. Bxd3 Nc3+ 25. Ka1 Nxd1 26. Rxd1 c5 27.
Nd5+ Kc6 28. Nxb4+ {Black resigns} 1-0

[Event "FICS rated standard game"]
[Site "FICS freechess.org"]
[Date "2018.01.30"]
[Round "?"]
[White "FyFazan"]
[Black "Lolli"]
[Result "0-1"]
[WhiteElo "1679"]
[BlackElo "1605"]
[PlyCount "36"]
[EventDate "2018.??.??"]

1. e4 e5 2. Nf3 Nc6 3. c3 d5 4. exd5 Qxd5 5. d3 Bg4 6. Be2 Nf6 7. c4 Qe6 8. Qd2
Bd6 9. Ng5 Qd7 10. Nxf7 Qxf7 11. Bxg4 Nxg4 12. O-O O-O 13. h3 Nxf2 14. Rxf2 Qg6
15. Rxf8+ Rxf8 16. Qe2 Qg3 17. Nc3 e4 18. Nxe4 Qh2# {White checkmated} 0-1

[Event "FICS rated blitz game"]
[Site "FICS freechess.org"]
[Date "2018.01.30"]
[Round "?"]
[White "hejkal"]
[Black "inherentbeauty"]
[Result "0-1"]
[WhiteElo "1470"]
[BlackElo "1450"]
[PlyCount "134"]
[EventDate "2018.??.??"]
[EventType "blitz"]

1. e4 e5 2. Nf3 Nc6 3. c3 Bc5 4. d4 exd4 5. cxd4 Bb6 6. Bg5 f6 7. Bh4 Nge7 8.
Rg1 Ng6 9. Nc3 Nxh4 10. Nxh4 O-O 11. Bc4+ Kh8 12. Qh5 Ne7 13. O-O-O c6 14. Bf7
d5 15. Ng6+ Nxg6 16. Bxg6 h6 17. exd5 cxd5 18. g4 Qd6 19. Ne2 Be6 20. f4 Rac8+
21. Kb1 Qc6 22. Rge1 Qd7 23. f5 Bf7 24. Nf4 Qd6 25. Bxf7 Qxf4 26. Be6 Rc4 27.
Bxd5 Rxd4 28. Bxb7 Qxg4 29. Qxg4 Rxg4 30. Rd7 Rf4 31. Rd5 Kh7 32. Re2 Rb8 33.
Ba6 Rd8 34. Red2 Rxd5 35. Rxd5 Rf2 36. h3 Rf3 37. h4 Rh3 38. Bb5 Rxh4 39. Rd7
Rf4 40. Bd3 Rd4 41. Rxd4 Bxd4 42. Be4 h5 43. b3 h4 44. Kc2 Kg8 45. Kd3 Bb6 46.
Bd5+ Kf8 47. b4 Ke7 48. Bg2 Kd6 49. Ke4 Bf2 50. a3 Be1 51. b5 Bc3 52. Kf4 Kc5
53. Bf1 Be1 54. Ke4 h3 55. Bxh3 Kxb5 56. Kf3 Ka4 57. Bg2 Kxa3 58. Bh3 Kb3 59.
Bg2 a5 60. Ke2 Bg3 61. Bc6 a4 62. Bd5+ Kb2 63. Ke3 a3 64. Bb7 a2 65. Ke4 a1=Q
66. Kf3 Qh1+ 67. Kxg3 Qxb7 {White resigns} 0-1

[Event "FICS rated blitz game"]
[Site "FICS freechess.org"]
[Date "2018.01.30"]
[Round "?"]
[White "morts"]
[Black "hanty"]
[Result "1-0"]
[WhiteElo "1187"]
[BlackElo "1168"]
[PlyCount "91"]
[EventDate "2018.??.??"]
[EventType "blitz"]

1. e4 e5 2. Nf3 Nc6 3. c3 d6 4. g3 Nf6 5. d3 Bg4 6. Nbd2 Qd7 7. Bg2 d5 8. O-O
dxe4 9. dxe4 Rd8 10. Qb3 b6 11. c4 Bxf3 12. Nxf3 Bd6 13. Bg5 Be7 14. h4 h6 15.
Be3 Ng4 16. Bc1 O-O 17. Bh3 Kh8 18. Be3 f5 19. Nd2 f4 20. gxf4 Nxe3 21. Bxd7
Nxf1 22. Nxf1 Rxd7 23. f5 Bxh4 24. Ne3 Bg5 25. Ng4 Nd4 26. Qa4 c6 27. Nxe5 Re7
28. c5 Rxe5 29. Qxd4 Rfe8 30. f3 Bf6 31. Qd7 Rxc5 32. Qxe8+ Kh7 33. Qg6+ Kh8
34. Rd1 Rc2 35. Qe8+ Kh7 36. Qf7 Rxb2 37. Qxa7 b5 38. Qb6 Rc2 39. a3 Rc4 40.
Rf1 Bd4+ 41. Kh2 Bxb6 42. Kh3 Rc3 43. Kg4 Rxa3 44. Rc1 c5 45. f6 gxf6 46. Kf5
1-0

[Event "FICS rated blitz game"]
[Site "FICS freechess.org"]
[Date "2018.01.30"]
[Round "?"]
[White "SargonV"]
[Black "laststandingking"]
[Result "1-0"]
[WhiteElo "1475"]
[BlackElo "1139"]
[PlyCount "35"]
[EventDate "2018.??.??"]
[EventType "blitz"]

1. e4 e5 2. Nf3 Nc6 3. c3 a6 4. d4 d6 5. Bc4 Bg4 6. Qb3 Qf6 7. Qxb7 Rd8 8.
Qxc6+ Rd7 9. Bxa6 Bxf3 10. gxf3 Qxf3 11. Rf1 Nf6 12. Bb5 Be7 13. Qa8+ Bd8 14.
Bxd7+ Kxd7 15. Qa4+ c6 16. dxe5 Nxe4 17. Nd2 Nc5 18. Qa7+ {Black resigns} 1-0

[Event "FICS rated blitz game"]
[Site "FICS freechess.org"]
[Date "2018.01.30"]
[Round "?"]
[White "bakonyi"]
[Black "Thesevs"]
[Result "0-1"]
[WhiteElo "1999"]
[BlackElo "1833"]
[PlyCount "72"]
[EventDate "2018.??.??"]
[EventType "blitz"]

1. e4 e5 2. Nf3 Nc6 3. c3 Bc5 4. d4 exd4 5. cxd4 Bb6 6. Nc3 Nge7 7. d5 Nb8 8.
Bg5 f6 9. Bh4 d6 10. Be2 O-O 11. O-O Bg4 12. Nd4 Bd7 13. Ne6 Bxe6 14. dxe6 Nbc6
15. Nd5 Ne5 16. Bg3 N7g6 17. Bxe5 dxe5 18. Bh5 Ne7 19. Bf7+ Kh8 20. Qb3 c6 21.
Nxb6 Qxb6 22. Qa3 c5 23. Rac1 Rac8 24. Rfd1 Rc7 25. h3 Ng8 26. Qd3 Nh6 27. e7
Rxe7 28. Bb3 Nf7 29. Qd5 Rd8 30. Qc4 Red7 31. Rxd7 Rxd7 32. Qe6 Qxe6 33. Bxe6
Rc7 34. Bxf7 Rxf7 35. Rxc5 h5 36. Rc8+ Kh7 0-1

[Event "FICS rated standard game"]
[Site "FICS freechess.org"]
[Date "2018.01.30"]
[Round "?"]
[White "Bodrov"]
[Black "mesli"]
[Result "1/2-1/2"]
[WhiteElo "1738"]
[BlackElo "1708"]
[PlyCount "196"]
[EventDate "2018.??.??"]

1. e4 e5 2. Nf3 Nc6 3. c3 Nf6 4. d3 d6 5. Bg5 Bg4 6. Be2 Bxf3 7. Bxf3 Be7 8.
Na3 a6 9. Nc4 b5 10. Ne3 Nd7 11. Bxe7 Nxe7 12. O-O O-O 13. d4 c6 14. d5 c5 15.
b4 cxb4 16. cxb4 a5 17. a3 a4 18. Rc1 Qb6 19. Nf5 Nxf5 20. exf5 Rac8 21. Bg4
Nf6 22. Rxc8 Rxc8 23. h3 Rc3 24. Bf3 h6 25. Qd2 Qc7 26. Be2 Rc2 27. Qd1 Nxd5
28. Bxb5 Nb6 29. f6 g6 30. Qg4 d5 31. Bd3 e4 32. Bxc2 Qxc2 33. Qd1 Qc8 34. Qd4
Qd8 35. Rc1 Kh7 36. Rc6 Na8 37. b5 h5 38. b6 Qd7 39. Qc5 Kh6 40. Rd6 Qb7 41.
Qxd5 Qxd5 42. Rxd5 Nxb6 43. Rb5 Nc4 44. Rb4 Nxa3 45. Rxe4 g5 46. Rxa4 Nb5 47.
f4 gxf4 48. Rxf4 Nd6 49. g4 Kg5 50. Rd4 Ne8 51. Rd5+ Kxf6 52. Rf5+ Kg6 53. Rxh5
Nd6 54. Kg2 f5 55. Kf3 fxg4+ 56. hxg4 Nf7 57. Rb5 Ng5+ 58. Kf4 Ne6+ 59. Ke5 Nc7
60. Rb6+ Kg5 61. Rc6 Ne8 62. Rc4 Nf6 63. Ke6 Nxg4 64. Rc5+ Kg6 65. Rd5 Nh6 66.
Ke7 Nf7 67. Rb5 Kg7 68. Rf5 Nh6 69. Rg5+ Kh7 70. Rh5 Kg6 71. Ra5 Nf5+ 72. Kf8
Nd4 73. Kg8 Kf6 74. Rd5 Ne6 75. Kh7 Ng5+ 76. Kh6 Nf7+ 77. Kh5 Ke6 78. Ra5 Ne5
79. Kg5 Nf3+ 80. Kf4 Nd2 81. Re5+ Kd6 82. Re2 Nc4 83. Rc2 Ne5 84. Rd2+ Ke6 85.
Re2 Kd6 86. Rxe5 Kc6 87. Kf5 Kd6 88. Kf6 Kd7 89. Re6 Kd8 90. Ke5 Kd7 91. Kd5
Kc7 92. Kc5 Kd7 93. Rd6+ Ke7 94. Kd5 Kf7 95. Ke5 Ke7 96. Re6+ Kd7 97. Kf6 Kd8
98. Rd6+ Ke8 1/2-1/2

[Event "FICS rated blitz game"]
[Site "FICS freechess.org"]
[Date "2018.01.30"]
[Round "?"]
[White "qrtroimaclic"]
[Black "michon"]
[Result "1-0"]
[WhiteElo "1056"]
[BlackElo "1056"]
[PlyCount "53"]
[EventDate "2018.??.??"]
[EventType "blitz"]

1. e4 e5 2. Nf3 Nc6 3. c3 h6 4. d4 exd4 5. cxd4 Qe7 6. Nbd2 Qb4 7. Bc4 d6 8. a3
Qb6 9. b4 Nxd4 10. Bb2 Bg4 11. Bxd4 Qxd4 12. Nxd4 Bxd1 13. Rxd1 O-O-O 14. Bxf7
Nf6 15. Bg6 Be7 16. O-O h5 17. Rc1 Rh6 18. Bf5+ Kb8 19. Nb5 c6 20. Nd4 g6 21.
Bh3 g5 22. Bf5 g4 23. Rfe1 Bf8 24. Ne6 Re8 25. Ng5 h4 26. Nf7 Rh5 27. Bg6 {
Black resigns} 1-0

[Event "FICS rated blitz game"]
[Site "FICS freechess.org"]
[Date "2018.01.30"]
[Round "?"]
[White "ukw"]
[Black "HermanKnight"]
[Result "1-0"]
[WhiteElo "1608"]
[BlackElo "1519"]
[PlyCount "115"]
[EventDate "2018.??.??"]
[EventType "blitz"]

1. e4 e5 2. Nf3 Nc6 3. c3 Nf6 4. d4 Bd6 5. d5 Ne7 6. Bd3 c6 7. c4 Bc7 8. Bg5
Ng6 9. Nbd2 d6 10. O-O Bg4 11. Qb3 Bb6 12. a4 h6 13. Bh4 Nxh4 14. Nxh4 Qc7 15.
Nf5 Bxf5 16. exf5 O-O 17. Kh1 cxd5 18. cxd5 Qc5 19. Ne4 Nxe4 20. Bxe4 Qa5 21.
f6 Qd2 22. fxg7 Kxg7 23. Qg3+ Qg5 24. Qh3 f5 25. Bf3 Rf7 26. a5 Bc5 27. Rab1
Rc8 28. b4 Bd4 29. Qh5 Qxh5 30. Bxh5 Rfc7 31. g4 f4 32. Rg1 Bxf2 33. Rg2 Bh4
34. g5 hxg5 35. Bf3 Rc1+ 36. Rxc1 Rxc1+ 37. Rg1 Rc3 38. Be2 f3 39. Bxf3 Rxf3
40. Kg2 Rb3 41. Rf1 Rxb4 42. Rc1 Kf6 43. Rc8 Rd4 44. Rf8+ Ke7 45. Rh8 Rxd5 46.
Rh7+ Ke6 47. Rxb7 Rxa5 48. Rb8 Ra1 49. Re8+ Kd5 50. Kf3 a5 51. Ke3 a4 52. Kd3
a3 53. Ra8 a2 54. Ra5+ Ke6 55. Kc3 Rh1 56. Kb2 Rxh2+ 57. Kb3 e4 58. Rxa2 1-0

[Event "FICS rated standard game"]
[Site "FICS freechess.org"]
[Date "2018.01.30"]
[Round "?"]
[White "PickleRick"]
[Black "clubfourhorses"]
[Result "1-0"]
[WhiteElo "1683"]
[BlackElo "1412"]
[PlyCount "49"]
[EventDate "2018.??.??"]

1. e4 e5 2. Nf3 Nc6 3. c3 Nf6 4. d3 h6 5. b4 b5 6. a4 Rb8 7. axb5 Rxb5 8. d4
exd4 9. Bxb5 Nxe4 10. Qe2 f5 11. Bxc6 dxc6 12. Nxd4 c5 13. Nc6 Qd5 14. b5 Bd6
15. f3 O-O 16. fxe4 fxe4 17. c4 Qd3 18. Qxd3 exd3 19. Rxa7 Re8+ 20. Kd2 Bf5 21.
g3 Re2+ 22. Kc3 Rc2+ 23. Kb3 d2 24. Bxd2 Rxd2 25. Nxd2 {Black resigns} 1-0

[Event "FICS rated standard game"]
[Site "FICS freechess.org"]
[Date "2018.01.30"]
[Round "?"]
[White "louarn"]
[Black "karleinkarl"]
[Result "1-0"]
[WhiteElo "1381"]
[BlackElo "1388"]
[PlyCount "49"]
[EventDate "2018.??.??"]

1. e4 e5 2. Nf3 Nc6 3. c3 Nf6 4. d3 h6 5. Be2 Bc5 6. O-O O-O 7. b4 Bb6 8. Na3
d6 9. Rb1 a6 10. Be3 Be6 11. c4 Bg4 12. Bxb6 cxb6 13. h3 Bh5 14. Nh2 Bxe2 15.
Qxe2 Nd4 16. Qd1 Qd7 17. Nc2 Nxc2 18. Qxc2 Qe6 19. Qd2 Nh5 20. Qe2 Qg6 21. Ng4
f5 22. exf5 Rxf5 23. Ne3 Rff8 24. Nd5 b5 25. Ne7+ {Black resigns} 1-0

[Event "FICS rated blitz game"]
[Site "FICS freechess.org"]
[Date "2018.01.30"]
[Round "?"]
[White "bongrain"]
[Black "wvp"]
[Result "1-0"]
[WhiteElo "1303"]
[BlackElo "1198"]
[PlyCount "39"]
[EventDate "2018.??.??"]
[EventType "blitz"]

1. e4 e5 2. Nf3 Nc6 3. c3 Nf6 4. d3 Bc5 5. h3 h6 6. Be2 O-O 7. a4 Re8 8. O-O d5
9. b4 Bd6 10. exd5 Nxd5 11. Qb3 Nf6 12. Nbd2 Be6 13. Nc4 a6 14. Qc2 Bd5 15.
Ncd2 e4 16. dxe4 Nxe4 17. Bd3 Nxd2 18. Nxd2 Qg5 19. Ne4 Bxe4 20. Bxg5 {Black
resigns} 1-0

[Event "FICS rated blitz game"]
[Site "FICS freechess.org"]
[Date "2018.01.30"]
[Round "?"]
[White "kiknit"]
[Black "prickler"]
[Result "0-1"]
[WhiteElo "1470"]
[BlackElo "1567"]
[PlyCount "70"]
[EventDate "2018.??.??"]
[EventType "blitz"]

1. e4 e5 2. Nf3 Nc6 3. c3 Bc5 4. d4 exd4 5. cxd4 Bb4+ 6. Nc3 d5 7. exd5 Qxd5 8.
Bd2 Bxc3 9. bxc3 Nf6 10. Be2 O-O 11. O-O Ne4 12. c4 Qd6 13. Be3 f5 14. g3 Qg6
15. Nh4 Qf6 16. f3 Ng5 17. d5 Ne7 18. Bd4 Qh6 19. f4 Ne4 20. d6 Nxd6 21. c5 Ne4
22. Bc4+ Kh8 23. Qf3 Nd2 24. Qd3 Nxf1 25. Rxf1 Nc6 26. Ba1 Be6 27. Bxe6 Qxe6
28. Kf2 Rad8 29. Qc3 Rf7 30. Re1 Qd5 31. Qe3 Qd2+ 32. Kf1 Qxe3 33. Rxe3 Kg8 34.
g4 fxg4 35. f5 g6 0-1

[Event "FICS rated blitz game"]
[Site "FICS freechess.org"]
[Date "2018.01.30"]
[Round "?"]
[White "capricornus"]
[Black "franx"]
[Result "0-1"]
[WhiteElo "1289"]
[BlackElo "1327"]
[PlyCount "66"]
[EventDate "2018.??.??"]
[EventType "blitz"]

1. e4 e5 2. Nf3 Nc6 3. c3 Nf6 4. d3 d6 5. Be2 a6 6. b4 b5 7. Bb2 Bb7 8. Nbd2
Ne7 9. O-O Ng6 10. d4 Nxe4 11. Nxe4 Bxe4 12. dxe5 Nxe5 13. c4 Nxf3+ 14. Bxf3
Bxf3 15. Qxf3 f6 16. Rfe1+ Kf7 17. Qd5+ Kg6 18. Re4 h6 19. Rg4+ Kh7 20. Qd3+
Kg8 21. Re1 Qd7 22. Rg3 Re8 23. Rxe8 Qxe8 24. h3 Qd8 25. cxb5 axb5 26. Qxb5 d5
27. Rd3 Bd6 28. Rxd5 Kh7 29. Qd3+ Kg8 30. b5 Kf7 31. Kh1 Re8 32. Ba3 Re1+ 33.
Qf1 Rxf1# {White checkmated} 0-1

[Event "FICS rated blitz game"]
[Site "FICS freechess.org"]
[Date "2018.01.30"]
[Round "?"]
[White "proximab"]
[Black "registrationbread"]
[Result "0-1"]
[WhiteElo "2018"]
[BlackElo "2161"]
[PlyCount "46"]
[EventDate "2018.??.??"]
[EventType "blitz"]

1. e4 e5 2. Nf3 Nc6 3. c3 Nf6 4. d4 Nxe4 5. d5 Ne7 6. Nxe5 Ng6 7. Bd3 Nxe5 8.
Bxe4 Bc5 9. Qh5 d6 10. h3 g6 11. Qh6 f5 12. Bc2 Nf7 13. Ba4+ Bd7 14. Bxd7+ Kxd7
15. Qf4 Re8+ 16. Kf1 Re4 17. Qd2 Qe7 18. f3 Re5 19. f4 Re4 20. g3 Re8 21. Qd3
Rxf4+ 22. gxf4 Qe1+ 23. Kg2 Qf2# {White checkmated} 0-1

[Event "FICS rated blitz game"]
[Site "FICS freechess.org"]
[Date "2018.01.30"]
[Round "?"]
[White "ashups"]
[Black "romakan"]
[Result "1-0"]
[WhiteElo "1195"]
[BlackElo "1228"]
[PlyCount "75"]
[EventDate "2018.??.??"]
[EventType "blitz"]

1. e4 e5 2. Nf3 Nc6 3. c3 Bc5 4. Bc4 Nf6 5. d4 exd4 6. cxd4 Bb4+ 7. Bd2 Nxe4 8.
Bxb4 Nxb4 9. Bxf7+ Kf8 10. Qb3 Qe7 11. O-O a5 12. Ne5 d6 13. a3 Nc6 14. Nxc6
bxc6 15. Bh5 d5 16. f3 Nf6 17. Bg4 Ba6 18. Nd2 Bxf1 19. Rxf1 Re8 20. Qc3 Qe3+
21. Qxe3 Rxe3 22. b4 axb4 23. axb4 Rd3 24. Nb1 Rxd4 25. b5 cxb5 26. Nc3 c6 27.
Ra1 Kf7 28. Ra7+ Kg6 29. h4 Nxg4 30. fxg4 Rxg4 31. Rc7 Rc4 32. Ne2 Rf8 33. Ng3
Rf7 34. h5+ Kf6 35. Rc8 h6 36. Re8 Kg5 37. Re5+ Kg4 38. Ne2 1-0